[Event "ICS Rated blitz match"]
[Site "204.178.125.65"]
[Date "2000.09.06"]
[Round "?"]
[White "Hossa"]
[Black "PostModernist"]
[Result "0-1"]
[WhiteElo "2527"]
[BlackElo "2660"]
[PlyCount "135"]
[EventDate "2000.??.??"]

1. e4 e6 2. d4 d5 3. Nc3 Bb4 4. e5 Ne7 5. a3 Bxc3+ 6. bxc3 b6 7. Nf3 Ba6 8.
Bxa6 Nxa6 9. Bg5 c5 10. O-O O-O 11. c4 dxc4 12. Qe2 cxd4 13. Qxc4 Nc5 14. Rfd1
Qd5 15. Qxd4 Qxd4 16. Nxd4 Ng6 17. Nc6 Rfc8 18. Ne7+ Nxe7 19. Bxe7 Na4 20. Rd2
h5 21. f3 b5 22. g4 Rc3 23. Rf2 hxg4 24. fxg4 Rac8 25. Rb1 a6 26. Rc1 R3c4 27.
h3 Rc3 28. h4 R3c4 29. Rg2 Nc3 30. Bd6 Nd5 31. Kh1 Ne3 32. Re2 Nxc2 33. Rg1 Rc3
34. Reg2 Nxa3 35. Ra1 Nc4 36. Rxa6 Rh3+ 37. Rh2 Rd3 38. Rf2 f6 39. g5 fxe5 40.
Bb4 Rd4 41. Rxe6 Ne3 42. Be1 Rxh4+ 43. Kg1 Rg4+ 44. Kh2 Rxg5 45. Bd2 Ng4+ 46.
Kg3 Nxf2+ 47. Bxg5 Nd3 48. Rb6 b4 49. Rb7 Rc3 50. Bd2 Ra3 51. Kg4 Kh7 52. Rb8
Ra2 53. Be3 Ra6 54. Rd8 Ne1 55. Rd5 b3 56. Rxe5 Ra4+ 57. Kg3 b2 58. Rh5+ Kg8
59. Rb5 Nd3 60. Rb8+ Kh7 61. Rxb2 Nxb2 62. Bg5 Kg6 63. Bd8 Kf5 64. Bb6 g5 65.
Bc5 Nd3 66. Bf8 Nf4 67. Kf2 g4 68. Ke3 {Hossa resigns} 0-1

[Event "ICS rated blitz match"]
[Site "204.178.125.65"]
[Date "2000.09.07"]
[Round "?"]
[White "LoadedGun"]
[Black "Hossa"]
[Result "0-1"]
[WhiteElo "2500"]
[BlackElo "2517"]
[PlyCount "122"]
[EventDate "2000.??.??"]

1. Nf3 d5 2. d4 c6 3. c4 dxc4 4. e3 b5 5. Be2 Nf6 6. O-O e6 7. Ne5 Bd6 8. b3
cxb3 9. axb3 O-O 10. Qc2 Bb7 11. Nd2 Nbd7 12. Nxc6 Qb6 13. Na5 Ba6 14. Nf3 Rfc8
15. Qb1 Nd5 16. Bd3 Nc3 17. Bxh7+ Kh8 18. Qd3 Bb4 19. Ng5 f5 20. Nxe6 Qxe6 21.
Bxf5 Qf7 22. Kh1 Kg8 23. Bb2 Rc7 24. Rfc1 Rac8 25. Bxd7 Qxd7 26. Qg6 Qd6 27.
Qxd6 Bxd6 28. Nc4 bxc4 29. Rxa6 Ne4 30. bxc4 Rxc4 31. Rxc4 Rxc4 32. f3 Rc2 33.
fxe4 Rxb2 34. g3 Bb8 35. e5 Kf7 36. Ra1 Ke7 37. g4 Ke8 38. g5 Kf7 39. h3 Kg6
40. Rg1 a5 41. Rg2 Rxg2 42. Kxg2 Bxe5 43. dxe5 Kf5 44. h4 Kxe5 45. h5 Kf5 46.
h6 gxh6 47. gxh6 Kg6 48. Kg3 Kxh6 49. Kf4 a4 50. Ke5 a3 51. Ke4 a2 52. Kf5 a1=Q
53. e4 Qd4 54. e5 Kg7 55. e6 Kf8 56. Kg5 Ke7 57. Kf5 Qe3 58. Kg4 Kxe6 59. Kh5
Kf5 60. Kh4 Qd3 61. Kh5 Qh3# 0-1

[Event "ICS rated blitz match"]
[Site "204.178.125.65"]
[Date "2000.09.07"]
[Round "?"]
[White "TerraPi"]
[Black "Hossa"]
[Result "0-1"]
[WhiteElo "2195"]
[BlackElo "2532"]
[PlyCount "180"]
[EventDate "2000.??.??"]

1. b3 e5 2. Bb2 Nc6 3. e3 Nf6 4. Bb5 d6 5. d4 exd4 6. exd4 a6 7. Bxc6+ bxc6 8.
Qd3 d5 9. Ne2 Bd6 10. O-O O-O 11. Nd2 Re8 12. Rae1 Bg4 13. Nf3 Nd7 14. Bc1 Qc8
15. Bg5 f6 16. Bc1 Nf8 17. h3 Bf5 18. Qc3 Qb7 19. Bd2 Ng6 20. Kh1 Re7 21. Ng3
Be6 22. Re3 Rae8 23. Nh5 c5 24. dxc5 Qb5 25. Kg1 Qxc5 26. Qxc5 Bxc5 27. Rd3 Bd6
28. Bc3 c6 29. Bxf6 gxf6 30. Nxf6+ Kg7 31. Nxe8+ Rxe8 32. Re1 Bb4 33. Ree3 Re7
34. Ne5 Nxe5 35. Rxe5 Bd6 36. Re2 Kf7 37. Rf3+ Ke8 38. Rfe3 Kd7 39. Rf3 h5 40.
Rf6 d4 41. Re4 Bd5 42. Rxe7+ Bxe7 43. Rf5 h4 44. g4 Bd6 45. Rh5 Be4 46. Rxh4
Bxc2 47. g5 c5 48. b4 Kc6 49. bxc5 Kxc5 50. Rh5 Bg6 51. Rh8 d3 52. Kf1 d2 53.
Ke2 Bf4 54. h4 Bf7 55. Rc8+ Kd4 56. Rd8+ Kc3 57. a3 Bc4+ 58. Kd1 Bb3+ 59. Ke2
Kc2 60. Rc8+ Kb2 61. Rd8 Kc1 62. Rd4 d1=Q+ 63. Rxd1+ Bxd1+ 64. Kd3 Bc2+ 65. Ke2
a5 66. a4 Bxa4 67. Kf3 Bd2 68. Kg3 Bb3 69. Kg4 a4 70. h5 a3 71. f3 Be6+ 72. Kg3
Bxg5 73. f4 Bxf4+ 74. Kxf4 Kb2 75. Ke5 Ka1 76. h6 Bg8 77. Kf6 Bh7 78. Kg7 Bf5
79. h7 Bxh7 80. Kxh7 a2 81. Kg6 Kb2 82. Kf5 Kc3 83. Ke4 a1=Q 84. Ke5 Qf1 85.
Ke4 Qf6 86. Kd5 Qe7 87. Kc6 Kc4 88. Kb6 Qd7 89. Ka6 Kc5 90. Ka5 Qa7# {
TerraPi checkmated} 0-1

[Event "ICS rated blitz match"]
[Site "204.178.125.65"]
[Date "2000.09.07"]
[Round "?"]
[White "Hossa"]
[Black "LoadedGun"]
[Result "1-0"]
[WhiteElo "2536"]
[BlackElo "2455"]
[PlyCount "133"]
[EventDate "2000.??.??"]

1. e4 c6 2. d4 d5 3. Nc3 dxe4 4. Nxe4 Nd7 5. Nf3 Ngf6 6. Bd3 e6 7. O-O Be7 8.
Nxf6+ Nxf6 9. c3 O-O 10. Bg5 h6 11. Bh4 c5 12. Qe2 Qd5 13. c4 Qc6 14. Ne5 Qd6
15. dxc5 Qxc5 16. Rfd1 Re8 17. Rd2 a5 18. Rad1 a4 19. Ng4 Nxg4 20. Qxg4 Bxh4
21. Qxh4 e5 22. Be4 Qb4 23. Rd8 Bf5 24. Bxf5 Raxd8 25. Qxd8 Qe1+ 26. Rxe1 Rxd8
27. b3 g6 28. Be4 axb3 29. axb3 Kg7 30. Bxb7 Rb8 31. Bd5 Rxb3 32. g3 f6 33. Ra1
g5 34. Ra7+ Kh8 35. Rf7 Rb6 36. g4 Rb1+ 37. Kg2 Rb6 38. h4 gxh4 39. Kh3 Rb2 40.
Rxf6 Kg7 41. Rf7+ Kg6 42. Kxh4 Rd2 43. Rf5 Re2 44. Kg3 Kg7 45. c5 Rc2 46. c6
Rc3+ 47. f3 Re3 48. Rf7+ Kg6 49. c7 Rc3 50. Re7 e4 51. Re6+ Kg7 52. Bc6 Rxf3+
53. Kh4 Rf8 54. Re8 Rxe8 55. Bxe8 e3 56. Kg3 e2 57. Kf2 Kf6 58. Kxe2 Ke5 59.
Kf3 Kd4 60. g5 hxg5 61. Kg4 Ke5 62. Kxg5 Kd6 63. c8=Q Kd5 64. Qc3 Kd6 65. Kf6
Kd5 66. Kf5 Kd6 67. Qe5# 1-0

[Event "ICS rated standard match"]
[Site "204.178.125.65"]
[Date "2000.09.07"]
[Round "?"]
[White "Hossa"]
[Black "josechess"]
[Result "1/2-1/2"]
[WhiteElo "2280"]
[BlackElo "2303"]
[PlyCount "113"]
[EventDate "2000.??.??"]

1. e4 c6 2. d4 d5 3. Nc3 dxe4 4. Nxe4 Bf5 5. Ng3 Bg6 6. h4 h6 7. Nf3 Nd7 8. h5
Bh7 9. Bd3 Bxd3 10. Qxd3 Ngf6 11. Bd2 e6 12. O-O-O Be7 13. Rde1 O-O 14. Kb1 c5
15. Ne4 a6 16. Bf4 cxd4 17. Qxd4 Nxe4 18. Qxe4 Qb6 19. Be3 Bc5 20. g4 Bxe3 21.
fxe3 Nf6 22. Qf4 Nd5 23. Qg3 Nc3+ 24. Ka1 Na4 25. Rb1 Qxe3 26. Rhd1 Rfd8 27.
Qg2 Qb6 28. Rf1 f6 29. Qe2 Rd6 30. Nd2 Qa5 31. Ne4 Qe5 32. Qf3 Rb6 33. c3 Nc5
34. Nxc5 Qxc5 35. Rbd1 Rd6 36. Qxb7 Rad8 37. Qf3 Rd2 38. Rxd2 Rxd2 39. Qa8+ Kf7
40. Qxa6 Qd5 41. Qa7+ Kg8 42. Qa4 e5 43. Rb1 e4 44. Qe8+ Kh7 45. a3 Rd1 46.
Qg6+ Kh8 47. Qf5 Rxb1+ 48. Kxb1 Qd3+ 49. Kc1 Qe2 50. Qd7 e3 51. Qd8+ Kh7 52.
Qd1 Qf2 53. Qd3+ Kh8 54. Qd8+ Kh7 55. Qd3+ Kh8 56. Qd8+ Kh7 57. Qd3+ 1/2-1/2

[Event "ICS rated blitz match"]
[Site "204.178.125.65"]
[Date "2000.09.07"]
[Round "?"]
[White "PostModernist"]
[Black "Hossa"]
[Result "1-0"]
[WhiteElo "2704"]
[BlackElo "2548"]
[PlyCount "167"]
[EventDate "2000.??.??"]

1. e4 e5 2. Bc4 Nf6 3. d3 c6 4. Bb3 d5 5. Nf3 a5 6. a3 Bg4 7. exd5 cxd5 8. O-O
a4 9. Ba2 Nc6 10. Bg5 Qb6 11. Bxf6 Qxb2 12. Nbd2 gxf6 13. Bxd5 Nd4 14. Ra2 Qb5
15. Bxf7+ Kxf7 16. Nxd4 Qd5 17. Qxg4 Qxa2 18. Qd7+ Be7 19. Nf5 Rhe8 20. Nd6+
Kf8 21. Nxe8 Rxe8 22. Qxa4 b5 23. Qxb5 Qxc2 24. Ne4 Rd8 25. a4 Rxd3 26. a5 Rd1
27. Ng3 Rxf1+ 28. Qxf1 Kf7 29. a6 Bc5 30. Qe2 Qc1+ 31. Nf1 Kg7 32. Qg4+ Kh6 33.
Qf3 Kg5 34. h4+ Kg6 35. Qe4+ Kh6 36. g4 Qa3 37. g5+ fxg5 38. hxg5+ Kxg5 39.
Qxe5+ Kg6 40. Ng3 Qc1+ 41. Kg2 Qa3 42. Ne4 Qxa6 43. Nxc5 Qa2 44. Qe8+ Kg5 45.
Ne6+ Kf5 46. Nd4+ Kf6 47. Qf8+ Qf7 48. Qd6+ Kg7 49. Ne6+ Kg6 50. f4 Qg8 51. Qe5
h6 52. Kf2 Kf7 53. Nd4 Qg6 54. Qd5+ Ke8 55. f5 Qg4 56. Qe5+ Kd7 57. f6 Qh4+ 58.
Ke3 Qe1+ 59. Ne2 Qb4 60. Qf5+ Ke8 61. Qg6+ Kd7 62. Qg7+ Kd8 63. Qxh6 Qb3+ 64.
Kf2 Qb6+ 65. Kg3 Qe6 66. Qf8+ Kd7 67. Nf4 Qe1+ 68. Kg4 Qg1+ 69. Kf5 Qb1+ 70.
Kg5 Qg1+ 71. Kh6 Qh2+ 72. Nh5 Qd2+ 73. Kh7 Qe2 74. Ng7 Qh2+ 75. Kg8 Kc6 76. f7
Qa2 77. Qe7 Kb5 78. Qd7+ Kb4 79. Qc6 Qh2 80. f8=Q+ Kb3 81. Qf7+ Kb2 82. Qfb7+
Ka1 83. Qc3+ Qb2 84. Qbxb2# {Hossa checkmated} 1-0

[Event "ICS rated blitz match"]
[Site "204.178.125.65"]
[Date "2000.09.07"]
[Round "?"]
[White "Hossa"]
[Black "PostModernist"]
[Result "1/2-1/2"]
[WhiteElo "2539"]
[BlackElo "2713"]
[PlyCount "280"]
[EventDate "2000.??.??"]

1. e4 Nc6 2. Nf3 f5 3. exf5 d5 4. Bb5 Bxf5 5. Ne5 Qd6 6. d4 Bd7 7. Bxc6 Bxc6 8.
O-O Qe6 9. c4 dxc4 10. Na3 O-O-O 11. Be3 Qd5 12. f3 b5 13. Nc2 Be8 14. Qd2 Nf6
15. b3 cxb3 16. axb3 Qb7 17. Qa5 Nd5 18. Bg5 Kb8 19. Nb4 Nxb4 20. Qxb4 Qb6 21.
Be3 e6 22. Qc3 Bd6 23. b4 Rf8 24. Rf2 h5 25. Rfa2 Qb7 26. Rxa7 Qxa7 27. Rxa7
Kxa7 28. Nc6+ Bxc6 29. Qxc6 Rf5 30. d5+ Kb8 31. dxe6 Re5 32. Bd4 Re1+ 33. Kf2
Rxe6 34. Qxb5+ Kc8 35. Qf5 Rde8 36. Bxg7 h4 37. Qg4 Bxh2 38. Qxh4 Re2+ 39. Kf1
Bd6 40. Qc4 Re1+ 41. Kf2 Kd7 42. g4 c6 43. Bc3 Rc1 44. Qd3 Rh1 45. f4 Rh2+ 46.
Kg3 Ree2 47. Qf5+ Kc7 48. Qf7+ Kc8 49. Be1 Bc7 50. Qf8+ Kb7 51. Qg7 Kb8 52. Qg6
Reg2+ 53. Kf3 Rg1 54. Bf2 Rf1 55. Qe8+ Kb7 56. Qd7 Rhxf2+ 57. Ke3 Rxf4 58. b5
cxb5 59. Qxb5+ Bb6+ 60. Kd2 R4f2+ 61. Kd3 Rd1+ 62. Kc3 Rc1+ 63. Kd3 Rf3+ 64.
Ke4 Re3+ 65. Kf4 Rc5 66. Qd7+ Ka8 67. g5 Re1 68. g6 Bc7+ 69. Kf3 Rc3+ 70. Kf2
Bg3+ 71. Kg2 Re2+ 72. Kh3 Be1+ 73. Kg4 Rc4+ 74. Kf3 Rf2+ 75. Ke3 Rc3+ 76. Ke4
Re2+ 77. Kf5 Rf3+ 78. Kg4 Rg3+ 79. Kf5 Rf2+ 80. Ke4 Rfg2 81. Qc8+ Ka7 82. Qc7+
Ka6 83. Qc6+ Ka5 84. Qd5+ Kb4 85. Qd4+ Kb5 86. Qd5+ Kb6 87. Qd6+ Kb5 88. Qd5+
Ka4 89. Qd1+ Ka3 90. Qxe1 Rxg6 91. Qc3+ Ka2 92. Qa5+ Kb1 93. Qb4+ Kc2 94. Qc4+
Kd1 95. Qb3+ Ke1 96. Qb1+ Kf2 97. Qc2+ Kg3 98. Qc7+ Kh4 99. Qd8+ R2g5 100. Kf3
Rg8 101. Qe7 R8g7 102. Qf6 Kh5 103. Ke3 Rg3+ 104. Kd2 Rg2+ 105. Kc3 R7g3+ 106.
Kb4 Rg4+ 107. Kc3 R2g3+ 108. Kd2 Rg5 109. Qf7+ Kg4 110. Qe6+ Kf4 111. Qc4+ Ke5
112. Qc7+ Kd4 113. Qd6+ Kc4 114. Qc6+ Kb3 115. Qe6+ Kb2 116. Qb6+ Ka2 117. Qa6+
Ra3 118. Qc4+ Rb3 119. Qa4+ Kb2 120. Qd4+ Ka3 121. Kc1 Rh5 122. Qd6+ Ka4 123.
Kc2 Rbb5 124. Qd4+ Rb4 125. Qd7+ Ka5 126. Qc7+ Ka6 127. Kc3 Rhh4 128. Qc8+ Rb7
129. Qc6+ Ka7 130. Qc5+ Ka6 131. Qd6+ Rb6 132. Qa3+ Kb5 133. Qb2+ Kc6 134. Qg2+
Kd7 135. Qg7+ Kc8 136. Qe7 Rc6+ 137. Kd3 Ra4 138. Ke3 Rcc4 139. Qe8+ Kb7 140.
Qd7+ Kb6 1/2-1/2

[Event "ICS rated standard match"]
[Site "204.178.125.65"]
[Date "2000.09.07"]
[Round "?"]
[White "Pennswoodpusher"]
[Black "Hossa"]
[Result "0-1"]
[WhiteElo "2005"]
[BlackElo "2281"]
[PlyCount "108"]
[EventDate "2000.??.??"]

1. e4 e5 2. Bc4 Nf6 3. Nf3 Nxe4 4. Nc3 Nc6 5. O-O Nxc3 6. dxc3 h6 7. Nxe5 Nxe5
8. Re1 Qe7 9. Bb3 g5 10. f4 gxf4 11. Bxf4 d6 12. Qh5 Bg7 13. Bxe5 Bxe5 14.
Bxf7+ Kd8 15. Rad1 Bd7 16. c4 Rf8 17. Bd5 c6 18. Bf3 Qf6 19. c5 Bd4+ 20. Kh1
Bxc5 21. c3 Kc7 22. b4 Bf2 23. Rf1 Be3 24. a4 Qxc3 25. b5 Rad8 26. bxc6 bxc6
27. Qg6 Bf5 28. Qg3 Qe5 29. Qe1 Bc2 30. Ra1 Bd4 31. Ra2 Qxe1 32. Rxe1 Rde8 33.
Rc1 Be4 34. Bxe4 Rxe4 35. Rac2 c5 36. h3 Rfe8 37. Kh2 Be5+ 38. Kg1 Rxa4 39. g4
Ra3 40. h4 Rg8 41. Rg2 Ra4 42. g5 Rxh4 43. g6 Bd4+ 44. Kf1 Rh1+ 45. Ke2 Rxc1
46. Kd3 d5 47. Kd2 Rg1 48. Rxg1 Bxg1 49. Kd3 Rxg6 50. Kc3 Rg2 51. Kd3 Kc6 52.
Kc3 Kb5 53. Kb3 c4+ 54. Kc3 d4# 0-1

[Event "ICS rated standard match"]
[Site "204.178.125.65"]
[Date "2000.09.07"]
[Round "?"]
[White "Hossa"]
[Black "Pennswoodpusher"]
[Result "1-0"]
[WhiteElo "2286"]
[BlackElo "2000"]
[PlyCount "81"]
[EventDate "2000.??.??"]

1. e4 Nc6 2. d4 e5 3. d5 Nce7 4. c4 Nf6 5. Nc3 Ng6 6. Nf3 Bc5 7. Be2 d6 8. O-O
a6 9. b4 Ba7 10. Be3 O-O 11. Bxa7 Rxa7 12. c5 Ra8 13. Qc2 Nf4 14. Nd2 Nxe2+ 15.
Nxe2 Ng4 16. Nc4 f5 17. f3 Nf6 18. Ng3 fxe4 19. fxe4 b5 20. Na5 Bd7 21. Rf3 Ng4
22. Rxf8+ Qxf8 23. c6 Be8 24. Rf1 Qe7 25. Nf5 Qf6 26. Nb7 Nh6 27. Nfxd6 Qe7 28.
Nxe8 Rxe8 29. Qb3 Kh8 30. Nc5 a5 31. Ne6 axb4 32. Qg3 Ra8 33. Qxe5 Rxa2 34.
Qxc7 Qxc7 35. Nxc7 b3 36. d6 b2 37. d7 Ra1 38. d8=Q+ Ng8 39. Qd3 b4 40. Qc2 h6
41. Qxb2 1-0

[Event "ICS rated standard match"]
[Site "204.178.125.65"]
[Date "2000.09.07"]
[Round "?"]
[White "Hossa"]
[Black "BrazilianMaster"]
[Result "0-1"]
[WhiteElo "2317"]
[BlackElo "2525"]
[PlyCount "112"]
[EventDate "2000.??.??"]

1. e4 e5 2. Bc4 Nf6 3. d3 Nc6 4. Nc3 Bb4 5. Nge2 d5 6. exd5 Nxd5 7. a3 Bxc3+ 8.
Nxc3 Nxc3 9. bxc3 Na5 10. Ba2 O-O 11. Qh5 Nc6 12. O-O Qd6 13. Rb1 b6 14. Re1 a6
15. a4 Bb7 16. Ra1 Qd7 17. Ba3 Rfe8 18. Re4 Na5 19. Rxe5 Rxe5 20. Qxe5 Re8 21.
Qd4 Qc6 22. f3 Re2 23. Kf1 Qe8 24. Rc1 c5 25. Qd6 c4 26. Bb4 cxd3 27. Qxd3 Re5
28. Qd4 Nc6 29. Qxb6 Qd7 30. Ba3 Re8 31. Kg1 Ne5 32. Bd6 Bc6 33. Qc5 Ng6 34. a5
Nh4 35. Qb4 Nf5 36. Bf4 Bb5 37. Qc5 Re2 38. Qd5 Nh4 39. g3 Qa7+ 40. Kh1 Ng6 41.
Bd6 Qd7 42. Bc5 Qe8 43. Qb7 Ne7 44. Qb6 Qa8 45. Kg1 h6 46. Bxe7 Qxf3 47. Bd5
Rg2+ 48. Kh1 Qxd5 49. Qb8+ Kh7 50. Qd6 Qb7 51. Qc7 Qa8 52. Qc8 Qf3 53. Qf5+
Qxf5 54. Kxg2 Bc6+ 55. Kg1 Qf3 56. Rf1 Qg2# {Hossa checkmated} 0-1

[Event "ICS rated standard match"]
[Site "204.178.125.65"]
[Date "2000.09.07"]
[Round "?"]
[White "Val-Vipp"]
[Black "Hossa"]
[Result "1-0"]
[WhiteElo "2624"]
[BlackElo "2310"]
[PlyCount "83"]
[EventDate "2000.??.??"]

1. Nf3 d5 2. c4 c6 3. e3 Nf6 4. d4 e6 5. Nc3 b6 6. Bd3 Ba6 7. cxd5 Bxd3 8. Qxd3
cxd5 9. O-O Nc6 10. Ne5 Nxe5 11. dxe5 Nd7 12. e4 Nxe5 13. Qb5+ Qd7 14. exd5
exd5 15. Qe2 Qe6 16. Re1 f6 17. f4 Bc5+ 18. Kh1 O-O 19. fxe5 fxe5 20. Qd3 Rad8
21. Bg5 Rd7 22. Rf1 Rxf1+ 23. Rxf1 h6 24. Bh4 d4 25. Ne4 Qxa2 26. b3 Be7 27.
Qb5 Bxh4 28. Qxd7 Qe2 29. Qe6+ Kh7 30. Qf5+ Kh8 31. h3 a6 32. Qf8+ Kh7 33. Rf7
Bf6 34. Nxf6+ Kg6 35. Qxg7+ Kf5 36. Ng4+ Ke4 37. Qh7+ Kd5 38. Rd7+ Kc5 39. Qe7+
Kc6 40. Rc7+ Kb5 41. Qd7+ Kb4 42. Qa4# {Hossa checkmated} 1-0

[Event "ICS rated blitz match"]
[Site "204.178.125.65"]
[Date "2000.09.07"]
[Round "?"]
[White "counterplay"]
[Black "Hossa"]
[Result "1-0"]
[WhiteElo "2662"]
[BlackElo "2513"]
[PlyCount "65"]
[EventDate "2000.??.??"]

1. d4 d5 2. c4 e6 3. Nc3 Nf6 4. Bg5 Be7 5. Nf3 O-O 6. e3 Nbd7 7. Qc2 h6 8. Bh4
c5 9. Rd1 cxd4 10. Nxd4 Ne5 11. Be2 Nc6 12. O-O Nxd4 13. Rxd4 e5 14. Rdd1 d4
15. Bg3 Qa5 16. exd4 exd4 17. Rxd4 Bf5 18. Qb3 Bc5 19. Rf4 Bc8 20. Bf3 Rd8 21.
Bh4 Bd6 22. Rxf6 gxf6 23. Nd5 Be5 24. Nxf6+ Bxf6 25. Bxf6 Rd7 26. Qe3 Qd8 27.
Qxh6 Qxf6 28. Qxf6 Kh7 29. Re1 Rb8 30. Re4 Rd4 31. Rxd4 Bg4 32. Rxg4 b6 33.
Be4# {Hossa checkmated} 1-0

[Event "ICS rated blitz match"]
[Site "204.178.125.65"]
[Date "2000.09.07"]
[Round "?"]
[White "Hossa"]
[Black "counterplay"]
[Result "1/2-1/2"]
[WhiteElo "2503"]
[BlackElo "2672"]
[PlyCount "245"]
[EventDate "2000.??.??"]

1. e4 e5 2. Nf3 Nf6 3. Nxe5 d6 4. Nf3 Nxe4 5. d4 d5 6. Bd3 Bd6 7. O-O O-O 8. c4
c6 9. cxd5 cxd5 10. Nc3 Nxc3 11. bxc3 Nc6 12. Qc2 h6 13. Rb1 Bg4 14. Ne5 Nxe5
15. dxe5 Bxe5 16. Ba3 Re8 17. Rxb7 Rc8 18. Bb2 Re7 19. Rxe7 Qxe7 20. Rb1 Be6
21. Rd1 Qc7 22. h3 d4 23. c4 Bxc4 24. Bh7+ Kh8 25. f4 Qb6 26. Kh1 Bf6 27. Bd3
Be6 28. Qf2 Bd5 29. Qe2 Qe6 30. Qxe6 fxe6 31. Bg6 Rd8 32. a3 Bb3 33. Rb1 Bc4
34. Bc1 Bd5 35. Bd2 Be7 36. Bb4 Bxb4 37. Rxb4 Bc6 38. Rc4 Bb5 39. Rb4 a6 40. a4
Be2 41. Rb2 d3 42. Rd2 Kg8 43. g3 Rd6 44. Kh2 h5 45. Be4 Rd4 46. Bg6 Kf8 47.
Kg2 Ke7 48. h4 Kf6 49. Be8 Kf5 50. Kf2 g6 51. Ke3 Re4+ 52. Kf2 Rb4 53. Ke3 Rb6
54. Bd7 Kg4 55. Kf2 Rd6 56. Bc8 a5 57. Bb7 Rd4 58. Bc6 Rc4 59. Bd7 Kf5 60. Ke3
Re4+ 61. Kf2 Rd4 62. Bb5 Rd8 63. Ke3 Kg4 64. Kf2 Rd6 65. Bc4 Rc6 66. Bxd3 Bxd3
67. Rxd3 Rc2+ 68. Ke1 Rg2 69. Re3 Rxg3 70. Rxe6 Kxf4 71. Rf6+ Ke3 72. Re6+ Kd3
73. Ra6 Rg4 74. Rxa5 Rxh4 75. Rg5 Re4+ 76. Kf2 Re6 77. Rg3+ Kd4 78. a5 Rf6+ 79.
Ke2 Rd6 80. Kf3 Ke5 81. Kg2 Kf4 82. Rf3+ Ke4 83. Rg3 Kf5 84. Rf3+ Ke6 85. Re3+
Kd5 86. Rd3+ Kc5 87. Rg3 Kb4 88. Rg5 Kc4 89. Kf3 Rf6+ 90. Ke3 Kb4 91. Kd4 Rd6+
92. Ke5 Rc6 93. Kd4 h4 94. Ke3 h3 95. Kf2 Rc1 96. Rg4+ Kb5 97. Kg3 Rc5 98. Kxh3
Rh5+ 99. Kg2 Re5 100. Rxg6 Kxa5 101. Kh2 Kb4 102. Kh3 Kc4 103. Kh4 Kd4 104. Kg4
Rd5 105. Kh4 Ke4 106. Kg4 Rf5 107. Kh4 Re5 108. Rh6 Rd5 109. Kg4 Rf5 110. Kh4
Re5 111. Kg3 Rf5 112. Kh3 Rg5 113. Kh4 Rg7 114. Kh5 Rg8 115. Kh4 Kd4 116. Kh5
Rg3 117. Kh4 Rg7 118. Kh3 Rg8 119. Kh4 Kc4 120. Kh5 Kd4 121. Kh4 Kc4 122. Kh5
Kd4 123. Kh4 1/2-1/2

[Event "ICS rated blitz match"]
[Site "204.178.125.65"]
[Date "2000.09.07"]
[Round "?"]
[White "Hossa"]
[Black "trinity"]
[Result "1-0"]
[WhiteElo "2520"]
[BlackElo "2358"]
[PlyCount "111"]
[EventDate "2000.??.??"]

1. e4 e6 2. d4 d5 3. Nc3 Nf6 4. Bg5 Bb4 5. e5 h6 6. Bd2 Bxc3 7. bxc3 Ne4 8. Qg4
g6 9. Nf3 c5 10. Bb5+ Bd7 11. a4 Qa5 12. Rb1 Bxb5 13. axb5 Nd7 14. dxc5 Ndxc5
15. O-O Nxd2 16. Nxd2 Qxc3 17. Qb4 Qxb4 18. Rxb4 Ke7 19. Rfb1 Nd7 20. f4 Rhc8
21. R1b2 g5 22. fxg5 hxg5 23. Nf3 f6 24. exf6+ Kxf6 25. h4 gxh4 26. Rxh4 Ke7
27. Rh7+ Kd6 28. Ng5 Rg8 29. Nf7+ Kc5 30. Nh6 Rgd8 31. Nf7 Rg8 32. Nh6 Rgd8 33.
Nf7 Rdb8 34. Ng5 Nf8 35. Rh3 a5 36. b6 e5 37. Rc3+ Kd6 38. Rd3 Nd7 39. Ne4+ Ke6
40. Nc3 e4 41. Rd1 Nf6 42. Nb5 Ne8 43. Nc7+ Nxc7 44. bxc7 Rc8 45. Rxb7 a4 46.
Rb6+ Ke5 47. c4 d4 48. Rb5+ Kf4 49. Kf2 e3+ 50. Ke2 a3 51. Rxd4+ Kg3 52. Rg5+
Kh2 53. Rh5+ Kg1 54. Rd1+ Kxg2 55. Rg5+ Kh3 56. Rh1# {trinity checkmated} 1-0

[Event "ICS rated standard match"]
[Site "204.178.125.65"]
[Date "2000.09.07"]
[Round "?"]
[White "Hossa"]
[Black "WoodenPupa"]
[Result "1-0"]
[WhiteElo "2305"]
[BlackElo "1992"]
[PlyCount "50"]
[EventDate "2000.??.??"]

1. e4 Nf6 2. Bc4 d5 3. exd5 c6 4. dxc6 Nxc6 5. Nc3 e5 6. Nf3 Bg4 7. O-O Be7 8.
Re1 O-O 9. h3 Bxf3 10. Qxf3 Nd4 11. Qd1 Rc8 12. d3 b5 13. Nxb5 Nxb5 14. Bxb5
Qb6 15. Rxe5 Bc5 16. c4 Bxf2+ 17. Kh1 a6 18. Ba4 Qd4 19. Rf5 Rfe8 20. Bxe8 Rxe8
21. Bd2 Qh4 22. Qf3 Bd4 23. Rb1 Nd7 24. Rf4 Ne5 25. Rxh4 Nxf3 {
WoodenPupa resigns} 1-0

[Event "ICS rated standard match"]
[Site "204.178.125.65"]
[Date "2000.09.07"]
[Round "?"]
[White "WoodenPupa"]
[Black "Hossa"]
[Result "1/2-1/2"]
[WhiteElo "1987"]
[BlackElo "2310"]
[PlyCount "65"]
[EventDate "2000.??.??"]

1. e4 e5 2. Nf3 Nf6 3. Nxe5 Qe7 4. d4 d6 5. Nf3 Qxe4+ 6. Qe2 Qxe2+ 7. Bxe2 Be7
8. c4 O-O 9. Nc3 c6 10. Bg5 Re8 11. O-O Bf5 12. Nh4 Be6 13. d5 Nxd5 14. cxd5
Bxg5 15. Nf3 Be7 16. dxe6 fxe6 17. Nd4 Bf6 18. Rad1 d5 19. Bg4 e5 20. Ne6 Na6
21. f4 h5 22. Bh3 e4 23. f5 Rab8 24. g4 Nb4 25. g5 Bxc3 26. bxc3 Nxa2 27. f6
gxf6 28. Rxf6 Nxc3 29. Rg6+ Kh7 30. Rh6+ Kg8 31. Rg6+ Kh7 32. Rh6+ Kg8 33. Rg6+
1/2-1/2

[Event "ICS rated blitz match"]
[Site "204.178.125.65"]
[Date "2000.09.07"]
[Round "?"]
[White "trinity"]
[Black "Hossa"]
[Result "0-1"]
[WhiteElo "2349"]
[BlackElo "2529"]
[PlyCount "100"]
[EventDate "2000.??.??"]

1. e4 e5 2. Nf3 Nc6 3. Bb5 a6 4. Ba4 Nf6 5. O-O Be7 6. Re1 b5 7. Bb3 d6 8. a4
Bg4 9. c3 O-O 10. h3 Bh5 11. d3 Qd7 12. Nbd2 b4 13. g4 Nxg4 14. hxg4 Qxg4+ 15.
Kf1 Na5 16. Ng1 Nxb3 17. Qxb3 bxc3 18. bxc3 Qd7 19. Rb1 Bg4 20. d4 exd4 21.
cxd4 Bf6 22. d5 Rfe8 23. Qc4 Re7 24. f3 Bh3+ 25. Nxh3 Qxh3+ 26. Ke2 Qg2+ 27.
Kd1 Bh4 28. Qe2 Qh3 29. Rg1 f5 30. Rb7 fxe4 31. fxe4 Qc8 32. Rb3 Bf6 33. Rf3
Rf7 34. Qf1 Qf8 35. Qc4 Qe7 36. Rgf1 Rff8 37. a5 Rfb8 38. Qc6 Ra7 39. Rh1 Bg5
40. Qc2 h6 41. Rb3 Rxb3 42. Qxb3 Ra8 43. Qc4 Bxd2 44. Bxd2 Rb8 45. Ke2 Rb2 46.
Kd3 Qf6 47. Re1 Qf2 48. Bc3 Qf3+ 49. Re3 Qd1+ 50. Bd2 Qxd2# {trinity checkmated
} 0-1

[Event "ICS rated blitz match"]
[Site "204.178.125.65"]
[Date "2000.09.07"]
[Round "?"]
[White "counterplay"]
[Black "Hossa"]
[Result "1-0"]
[WhiteElo "2671"]
[BlackElo "2537"]
[PlyCount "87"]
[EventDate "2000.??.??"]

1. e4 e5 2. Nf3 Nf6 3. Nxe5 Qe7 4. Nf3 Qxe4+ 5. Be2 Bd6 6. Nc3 Qb4 7. Nb5 Bf4
8. g3 a6 9. c3 Qa5 10. Na3 Bh6 11. O-O Nc6 12. b4 Qf5 13. Nh4 Qh3 14. Bd3 Ne7
15. Re1 Ng4 16. Nf3 d6 17. Bc4 Be6 18. d4 Bxc4 19. Nxc4 Bxc1 20. Rxc1 f6 21.
Qe2 Ne5 22. dxe5 fxe5 23. Ncxe5 O-O 24. Qc4+ d5 25. Qxc7 Nc6 26. Qxb7 Nxe5 27.
Rxe5 Rad8 28. Ng5 Qd7 29. Qxa6 Rf6 30. Qd3 g6 31. Rd1 Rd6 32. Rde1 Ra8 33. Re7
Qf5 34. Re8+ Rxe8 35. Rxe8+ Kg7 36. Qd4+ Rf6 37. Qa7+ Rf7 38. Nxf7 Qb1+ 39. Kg2
Qe4+ 40. Rxe4 dxe4 41. Ng5+ Kh6 42. h4 Kh5 43. Kh3 h6 44. g4# 1-0

[Event "ICS rated blitz match"]
[Site "204.178.125.65"]
[Date "2000.09.07"]
[Round "?"]
[White "Hossa"]
[Black "counterplay"]
[Result "0-1"]
[WhiteElo "2527"]
[BlackElo "2681"]
[PlyCount "118"]
[EventDate "2000.??.??"]

1. e4 c5 2. Nf3 d6 3. d4 cxd4 4. Nxd4 Nf6 5. Nc3 Nc6 6. Bc4 Qb6 7. Nb3 e6 8.
Bf4 Ne5 9. Be2 Bd7 10. O-O Be7 11. Be3 Qc7 12. Nb5 Qb8 13. Qd4 Nc6 14. Qc4 a6
15. Nc3 b5 16. Qd3 b4 17. Nd1 O-O 18. f4 e5 19. Nf2 Qc7 20. Qd2 Rfc8 21. Rac1
a5 22. fxe5 Nxe5 23. Bg5 Bc6 24. Bd3 h6 25. Bf4 g5 26. Bg3 Qa7 27. Qe2 Bd7 28.
Bb5 Bxb5 29. Qxb5 Nc4 30. c3 Rab8 31. Qf5 Ne3 32. Qf3 bxc3 33. bxc3 Nxf1 34.
Rxf1 Qc7 35. c4 Qxc4 36. e5 dxe5 37. Bxe5 Rb6 38. Rc1 Qxc1+ 39. Nxc1 Rxc1+ 40.
Nd1 g4 41. Qa8+ Kh7 42. Qxa5 Bc5+ 43. Qxc5 Rxc5 44. Bd4 Rb1 45. Bxc5 Rxd1+ 46.
Kf2 Ne4+ 47. Ke2 Rd2+ 48. Ke3 f5 49. Bd4 Rxg2 50. Be5 Rxa2 51. Bb8 Ng5 52. Bg3
Nh3 53. Bd6 f4+ 54. Kd3 f3 55. Ke4 Ng5+ 56. Kf5 f2 57. Kxg4 f1=Q 58. Be5 Qh3+
59. Kf4 Rf2# {Hossa checkmated} 0-1